06550 a2200469 450000100040000000500170000400800410002100300150006204000400007708000350011724500420015202000180019425000120021226400410022430000190026550510080028494200070129259000360129910000300133585601320136599900110149795202310150895202100173995202660194995202580221595203620247395201740283595201840300995202030319395202140339695202150361095202070382595202190403295201670425195202180441895202310463695202060486795201570507395203920523095201980562295202600582011620260407155412.0260407a2001 arg spa dAR-UNSa-BCEJYS aAR-UNSa-BCEJYSbspacAR-UNSa-BCEJYS a347.72xSociedades comerciales10aDerecho de las sociedades comerciales a950-20-1352-2 a9a. ed. 1aBuenos Aires :bAbeledo Perrotc2001 a766 p.c23 cm. a1. La sociedad comercial 2. La naturaleza jurídica de la sociedad comercial 3. La personalidad jurídica de las sociedades comerciales 4. Conceptos y elementos de la sociedad comercial 5. Constitución de la sociedad 6. De los socios 7. De la administración y representación de la sociedad 8. De la documentación y la contabilidad 9. Transformación, fusión y escisión 10. Resolución parcial, disolución y liquidación 11. De la sociedad constituida en el extranjero 12. De las sociedades en particular. Sociedades personales 13. De la sociedad de responsabilidad limitada 14. La sociedad anónima 15. La sociedad anónima (continuación) 16. La sociedad anónima (continuación)17. De los accionistas: derechos y obligaciones 18. De las obligaciones o debentures 19. De las sociedades en comandita por acciones 20. Las agrupaciones entre sociedades y empresas 21. De la sociedad civil 22. Cooperativas 23. Sociedades comerciales especiales 24. La nominatividad de las acciones  cBK aniveau_biblio:m niveau_hierar:01 aVillegas, Carlos Gilberto41uhttps://biblioeco.unsa.edu.ar/pmb/images/libros/Derecho de las Sociedades Comerciales-l87870.jpgyImagen de portadaqimage/jpeg c89d89 00104070aBCEJYSbBCEJYSc16d2026-04-07l0o347.72 V728 9ed.pL117164r2026-04-07 15:54:12w2026-04-07yLzÚLTIMA HOJA ROTA - TAPA SUELTA - MANCHADO - SUBRAYADO LEVE C/ LÁPIZ - POCO HÚMEDO - PARTIDO EN PÁG 416 Y 192 00104070aBCEJYSbBCEJYSc16d2026-04-07l0o347.72 V728 9ed.pL117165r2026-04-07 15:54:12w2026-04-07yLzPARTIDO EN PÁG 160 Y 161 - 1° PÁG, PÁG 30, INDICE PEGADAS CON CINTA - LÁPIZ - HÚMEDO 00104070aBCEJYSbBCEJYSc16d2026-04-07l0o347.72 V728 9ed.pL117166r2026-04-07 15:54:12w2026-04-07yLzSUBRAYADO - TAPA DESPEGADA - HOJAS MANCHADAS - CINTA EN PÁG 1,2, ÚLTIMA PÁGINA - DESDE INICIO A PÁG 81 DOBLADAS - PARTIDO EN PÁG 30, 256, 480 00104070aBCEJYSbBCEJYSc16d2026-04-07l0o347.72 V728 9ed.pL117167r2026-04-07 15:54:12w2026-04-07yLzSUBRAYADO CON LÁPIZ - RAYADO CON LAPICERA ROJA - PARTIDO EN PÁG 192 - CINTA EN 1° PÁG - TAPA DE ATRÁS DESPEGADA - MANCHADO EN PÁG 31 00104070aBCEJYSbBCEJYSc16d2026-04-07l0o347.72 V728 9ed.pL117168r2026-04-07 15:54:12w2026-04-07yLzÚLTIMAS PÁGINAS UN POCO HÚMEDAS EN CANTO SUPERIOR - PARTIDO EN PÁG 352- MANCHADO (SOBRE TODO DESDE PÁG 307 A 356) - SUBRAYADO Y RAYADO C/ LÁPIZ - ÚLTIMA HOJA ROTA - TAPA SUELTA - LAPICERA PÁG 307 - PÁGINAS 1 A 33 UN POCO SUELTAS 00104070aBCEJYSbBCEJYSc16d2026-04-07l0o347.72 V728 9ed.pL117169r2026-04-07 15:54:12w2026-04-07yLzSUBRAYADO C/ LÁPIZ - PARTIDO PÁG. 225 - HOJAS MANCHADAS 00104070aBCEJYSbBCEJYSc16d2026-04-07l0o347.72 V728 9ed.pL117170r2026-04-07 15:54:12w2026-04-07yLzTAPA SUELTA - SUBRAYADO CON LÁPIZ - PARTIDO EN PÁG 224 - MANCHADO 00104070aBCEJYSbBCEJYSc16d2026-04-07l0o347.72 V728 9ed.pL117171r2026-04-07 15:54:12w2026-04-07yLzTAPA DESPEGADA - SUBRAYADO CON LÁPIZ - PARTIDO EN PÁG 416 - HÚMEDO PÁG 475 A 478 00104070aBCEJYSbBCEJYSc16d2026-04-07l0o347.72 V728 9ed.pL117172r2026-04-07 15:54:12w2026-04-07yLzHÚMEDO - MANCHADO - LÁPIZ - CINTA EN PÁG 256, 1° PÁG E INDICE - RESALTADOR FLUOR EN INDICE 00104070aBCEJYSbBCEJYSc16d2026-04-07l0o347.72 V728 9ed.pL117173r2026-04-07 15:54:12w2026-04-07yLzMANCHADO - LÁPIZ - HOJAS SUELTAS PÁG. 1 A 320 - TAPA PEGADA CON CINTA - PARTIDO EN PÁG 512, 30 00104070aBCEJYSbBCEJYSc16d2026-04-07l0o347.72 V728 9ed.pL117174r2026-04-07 15:54:12w2026-04-07yLzTAPA DESPEGADA - LÁPIZ LEVE - ÚLTIMAS HOJAS SUELTAS PÁG. 739 A 766 - PARTIDO PÁG 224 00104070aBCEJYSbBCEJYSc16d2026-04-07l0o347.72 V728 9ed.pL117175r2026-04-07 15:54:12w2026-04-07yLzTAPA DESPEGADA - LAPICERA EN PÁG 95, 149, 213, 215, 223 - SUBRAYADO CON LÁPIZ - PARTIDO EN PÁG 160 00104070aBCEJYSbBCEJYSc16d2026-04-07l0o347.72 V728 9ed.pL117176r2026-04-07 15:54:12w2026-04-07yLzTAPA DESPEGADA - LÁPIZ - PARTIDO EN PÁG 192, 288 00104070aBCEJYSbBCEJYSc16d2026-04-07l0o347.72 V728 9ed.pL117177r2026-04-07 15:54:12w2026-04-07yLzPLÁSTICO MANCHADO CON ROSA - SUBRAYADO C/ LÁPIZ - MANCHADO - PARTIDO - TAPA SUELTA - CANTO MANCHADO 00104070aBCEJYSbBCEJYSc16d2026-04-07l0o347.72 V728 9ed.pL117178r2026-04-07 15:54:12w2026-04-07yLzTAPA SEMIDESPEGADA - SUBRAYADO CON LAPICERA NEGRA - LÁPIZ - 1° PÁG PEGADA CON CINTA - PARTIDO EN PÁG 160, 385 00104070aBCEJYSbBCEJYSc16d2026-04-07l0o347.72 V728 9ed.pL87870r2026-04-07 15:54:12w2026-04-07yLzTAPA SEMIDESPEGADA - LÁPIZ - PÁG 126 ROTA - PARTIDO EN PÁG 256, 736 - PÁG 737 SUELTA 00104070aBCEJYSbBCEJYSc16d2026-04-07l0o347.72 V728 9ed.pL87871r2026-04-07 15:54:12w2026-04-07yLzMANCHADO - HÚMEDO - CANTO SUCIO - LÁPIZ 00104070aBCEJYSbBCEJYSc16d2026-04-07l0o347.72 V728 9ed.pL87872r2026-04-07 15:54:12w2026-04-07yLzTAPA DESPEGADA - PÁG. 1 A 62 SUELTAS - SUBRAYADO C/ LÁPIZ - MANCHADO ESQUINA INFERIOR PÁG. 405 - PÁG. 721 A 767 CANTO SUPERIOR MANCHADO - RESALTADOR VERDE PÁG 755 - PÁG. 752 LAPICERA AZUL LEVE - HÚMEDO EN CANTO LATERAL - PARTIDO PÁG 384 Y 193 - LAPICERA PÁG 39 00104070aBCEJYSbBCEJYSc16d2026-04-07l0o347.72 V728 9ed.pL87874r2026-04-07 15:54:12w2026-04-07yLzSUBRAYADO C/ LÁPIZ LEVE - HOJAS MANCHAS LEVES - LAPICERA EN PÁGINAS 34 A 36 Y 19 00104070aBCEJYSbBCEJYSc16d2026-04-07l0o347.72 V728 9ed.pL87873r2026-04-07 15:54:12w2026-04-07yLzTAPA DESPEGADA - PÁG. 1 A 320 SUELTAS - RAYADO Y SUBRAYADO C/ LÁPIZ - MANCHADO (SOBRE TODO PÁG 51 A 64)- CINTA EN INDICE - PARTIDO PÁG 320